Prelude to mathematics

Αποθηκεύτηκε σε:
Λεπτομέρειες βιβλιογραφικής εγγραφής
Κύριος συγγραφέας: Sawyer, W. W. (Walter Warwick), 1911-2008
Μορφή: Βιβλίο
Γλώσσα:English
Δημοσίευση: Harmondsworth, Middlesex : Penguin Books, 1959, c1955
Έκδοση:1st ed., Repr.
Σειρά:A Pelican book ; ; A327
Θέματα:
Ετικέτες: Προσθήκη ετικέτας
Δεν υπάρχουν, Καταχωρήστε ετικέτα πρώτοι!

MARC

LEADER 00000cam a2200000 i 4500
001 1/13538
008 110607r19591955 eng d
035 |l 10110238 
040 |a GR-MY-UA  |b gre  |e aacr 
041 0 |a eng 
082 0 |a 510  |2 (22) 
100 1 |a Sawyer, W. W.   |q (Walter Warwick),   |d 1911-2008. 
245 1 0 |a Prelude to mathematics /  |c W.W. Sawyer 
250 |a 1st ed., Repr. 
260 |a Harmondsworth, Middlesex :   |b Penguin Books,   |c 1959, c1955 
300 |a 213 σ.;  |b εικ.;  |c 18 εκ. 
490 1 |a A Pelican book  |v ; A327 
650 0 0 |a Mathematics. 
830 0 |a A Pelican book ;  |v ; A327 
852 |a INST  |b SAMOS  |c MAG  |e 20110607  |h 510 SAW  |p 005300032657  |q 005300032657  |t BK  |y 0 
901 |a BIBL3-2011-2 
909 |a Σ  |b 167204 
970 |a ΚΟΣΙΕΡΗΣ  |b ΧΡΗΣΤΟΣ  |z 2011/06/07